[Event "BL 0708 SF Katernberg - Werder Bremen"]
[Site "?"]
[Date "2008.04.19"]
[Round "14.7"]
[White "Babula, Vlastimil"]
[Black "Scholz, Christian"]
[Result "1/2-1/2"]
[WhiteElo "2596"]
[BlackElo "2371"]
[PlyCount "110"]
[EventDate "2008.??.??"]

1. d4 Nf6 2. c4 g6 3. Nc3 Bg7 4. e4 d6 5. Nf3 O-O 6. Be2 e5 7. d5 a5 8. Bg5 h6
9. Bh4 Na6 10. O-O Qe8 11. Nd2 Bd7 12. Kh1 Nh7 13. a3 h5 14. f3 Bh6 15. b3 Be3
16. Qc2 f5 17. exf5 gxf5 18. Rae1 Qg6 19. Bd1 Qh6 20. Ndb1 Rae8 21. Qb2 Rf7 22.
b4 axb4 23. axb4 Nf8 24. Qe2 Ng6 25. Qxe3 Qxe3 26. Rxe3 f4 27. Re2 Nxh4 28. Rb2
Rg7 29. Ne4 Kf7 30. b5 Nc5 31. b6 Reg8 32. bxc7 Ke7 33. Nxc5 dxc5 34. Nc3 Nxg2
35. Rg1 Ne3 36. Rxg7+ Rxg7 37. Rxb7 Bc8 38. Rb8 Kd7 39. d6 Nxd1 40. Nxd1 Rg6
41. Nc3 Rxd6 42. Nd5 Rxd5 43. cxd5 Kxc7 44. Ra8 Kb7 45. Ra1 Kc7 46. Kg2 h4 47.
Ra8 Kb7 48. Ra1 Kc7 49. Kf2 Kd6 50. Ra8 Bd7 51. Rd8 h3 52. Ke2 Ke7 53. Rh8 Kd6
54. Rd8 Ke7 55. Rh8 Kd6 1/2-1/2

[Event "BL 0708 SF Katernberg - Werder Bremen"]
[Site "?"]
[Date "2008.04.19"]
[Round "14.8"]
[White "Thesing, Matthias"]
[Black "Pelletier, Yannick"]
[Result "0-1"]
[WhiteElo "2393"]
[BlackElo "2609"]
[PlyCount "80"]
[EventDate "2008.??.??"]

1. e4 d6 2. d4 Nf6 3. Nc3 Nbd7 4. Nf3 e5 5. Bc4 Be7 6. O-O O-O 7. a4 c6 8. Re1
a5 9. h3 Nb6 10. Ba2 Nfd7 11. dxe5 dxe5 12. Be3 Qc7 13. Ng5 Bxg5 14. Bxg5 Nc5
15. Qh5 Be6 16. Be3 Nbd7 17. Bxe6 Nxe6 18. Rad1 Rad8 19. Qe2 Ndc5 20. Qc4 Na6
21. Na2 h6 22. c3 Rxd1 23. Rxd1 Rd8 24. Rxd8+ Qxd8 25. Nc1 Nac5 26. Kh2 Qd1 27.
Bxc5 Qxc1 28. b3 Qc2 29. Be3 g5 30. g3 h5 31. Bb6 h4 32. Be3 hxg3+ 33. Kxg3 Qd1
34. Kg2 Kg7 35. f3 Kg6 36. Kg3 Nf4 37. Qc5 Qe2 38. Qd6+ Kh5 39. Qd2 Qf1 40.
Bxf4 Qg1+ 0-1

[Event "BL 0708 OSC Baden Baden - Bindl-Aktionä"]
[Site "?"]
[Date "2008.04.19"]
[Round "14.1"]
[White "Navara, David"]
[Black "Nisipeanu, Liviu-Dieter"]
[Result "1/2-1/2"]
[WhiteElo "2656"]
[BlackElo "2668"]
[PlyCount "118"]
[EventDate "2008.??.??"]

1. d4 Nf6 2. Nf3 e6 3. c4 Bb4+ 4. Nbd2 O-O 5. a3 Bxd2+ 6. Qxd2 b6 7. e3 Bb7 8.
Be2 d6 9. O-O Nbd7 10. b4 Ne4 11. Qc2 f5 12. Bb2 Ng5 13. d5 Nxf3+ 14. Bxf3 e5
15. e4 f4 16. c5 bxc5 17. bxc5 Nxc5 18. Bxe5 Ba6 19. Rfd1 Bd3 20. Qc3 Qg5 21.
Bd4 Bxe4 22. Bxc5 Bxf3 23. Qxf3 dxc5 24. Rac1 Rad8 25. Rxc5 Rf7 26. h3 h6 27.
Kh2 Qe5 28. Rc4 a6 29. Re4 Qf5 30. Rdd4 Rdf8 31. Re6 Rf6 32. Rde4 Kh7 33. R4e5
Qg6 34. a4 a5 35. Qc3 f3 36. g4 Qb1 37. Rxf6 Rxf6 38. Qc4 Qb2 39. Qe4+ Kg8 40.
Kg3 Qa1 41. Re8+ Kf7 42. Re7+ Kf8 43. Kh4 Qf1 44. Re8+ Kf7 45. Re7+ Kf8 46.
Re8+ Kf7 47. Qe7+ Kg6 48. Qc5 Rd6 49. Re6+ Kh7 50. Qc2+ Kg8 51. Rxd6 cxd6 52.
Qc8+ Kh7 53. Qf5+ Kg8 54. Qxf3 Qc4 55. Qf5 Qxa4 56. Qe6+ Kh7 57. Qxd6 Qb3 58.
f4 Qe3 59. f5 Qg5+ 1/2-1/2

[Event "BL 0708 OSC Baden Baden - Bindl-Aktionä"]
[Site "?"]
[Date "2008.04.19"]
[Round "14.2"]
[White "Movsesian, Sergei"]
[Black "Laznicka, Viktor"]
[Result "1/2-1/2"]
[WhiteElo "2670"]
[BlackElo "2610"]
[PlyCount "90"]
[EventDate "2008.??.??"]

1. e4 c5 2. Nf3 Nc6 3. Nc3 e6 4. d4 cxd4 5. Nxd4 a6 6. Nxc6 bxc6 7. Bd3 d5 8.
O-O Nf6 9. Qf3 Be7 10. Qg3 O-O 11. Bh6 Ne8 12. Bd2 a5 13. Rad1 Ba6 14. Bxa6
Rxa6 15. Na4 Qc7 16. e5 c5 17. c4 Qc6 18. Nc3 d4 19. Nb5 a4 20. Rfe1 g6 21. h4
Nc7 22. Nd6 Bxd6 23. exd6 Ne8 24. Bh6 Qxd6 25. Qg5 Ng7 26. Qf6 Ne8 27. Bxf8
Nxf6 28. Bxd6 Rxd6 29. b4 axb3 30. axb3 Rb6 31. Rb1 Kf8 32. f3 Ke7 33. Kf2 Kd6
34. Ke2 Nh5 35. Kd2 Ng3 36. Kd3 Rb4 37. Rb2 e5 38. Ra1 f5 39. Ra6+ Kc7 40. Kc2
e4 41. fxe4 fxe4 42. Rf6 Rb6 43. Rf7+ Kd6 44. Rf6+ Kc7 45. Rf7+ Kd6 1/2-1/2

[Event "BL 0708 OSC Baden Baden - Bindl-Aktionä"]
[Site "?"]
[Date "2008.04.19"]
[Round "14.3"]
[White "Baramidze, David"]
[Black "Harikrishna, Pentala"]
[Result "0-1"]
[WhiteElo "2569"]
[BlackElo "2668"]
[PlyCount "126"]
[EventDate "2008.??.??"]

1. e4 e5 2. Nf3 Nc6 3. Bb5 a6 4. Ba4 Nf6 5. O-O Be7 6. Re1 b5 7. Bb3 d6 8. c3
O-O 9. h3 Nb8 10. d4 Nbd7 11. Nbd2 Bb7 12. Bc2 Re8 13. Nf1 Bf8 14. Ng3 g6 15.
a4 c5 16. d5 c4 17. Bg5 h6 18. Be3 Nc5 19. Qd2 h5 20. Bg5 Be7 21. Ra3 Nfd7 22.
Bxe7 Qxe7 23. Rea1 Reb8 24. axb5 axb5 25. Rxa8 Rxa8 26. Rxa8+ Bxa8 27. Qc1 Bb7
28. Qa1 Qd8 29. Nd2 Qb6 30. Ngf1 Qa6 31. Qxa6 Bxa6 32. Ne3 Nb6 33. h4 Nca4 34.
Nd1 Bc8 35. b3 cxb3 36. Bxb3 f5 37. f3 Kf7 38. Kf2 Ke7 39. Ke2 Kf6 40. Bc2 fxe4
41. Nxe4+ Ke7 42. Ne3 Bb7 43. Bd3 Bxd5 44. Nxd5+ Nxd5 45. Kd2 b4 46. cxb4 Nxb4
47. Bb1 Nd5 48. g3 Nab6 49. Ng5 Nc4+ 50. Ke1 Kf6 51. Ne4+ Kg7 52. Bd3 Ndb6 53.
Ke2 d5 54. Ng5 Nd6 55. Kf2 Nd7 56. Bb1 Nc5 57. g4 Nb5 58. gxh5 gxh5 59. Ke3 Nc3
60. Bc2 d4+ 61. Kd2 Nd5 62. Nh3 Ne3 63. Nf2 Ng2 0-1

[Event "BL 0708 OSC Baden Baden - Bindl-Aktionä"]
[Site "?"]
[Date "2008.04.19"]
[Round "14.4"]
[White "Naiditsch, Arkadij"]
[Black "Bindrich, Falko"]
[Result "1-0"]
[WhiteElo "2639"]
[BlackElo "2512"]
[PlyCount "95"]
[EventDate "2008.??.??"]

1. e4 e5 2. Nf3 Nc6 3. Bb5 a6 4. Bxc6 dxc6 5. O-O Bd6 6. Na3 b5 7. d4 f6 8.
dxe5 fxe5 9. Nxe5 Qf6 10. f4 Ne7 11. Be3 Bxe5 12. Qh5+ Ng6 13. fxe5 Qxe5 14.
Qxe5+ Nxe5 15. Bd4 Nf7 16. Bxg7 Rg8 17. Bf6 Be6 18. Nb1 Kd7 19. Nd2 Rae8 20. b3
Rg6 21. Rf4 Reg8 22. g3 c5 23. Nf3 a5 24. Bb2 Kc8 25. Rf1 Ng5 26. Nxg5 Rxg5 27.
Rh4 Rg4 28. Rxh7 Rxe4 29. Bc1 Rd8 30. Bf4 Rd7 31. Rh8+ Kb7 32. Re8 b4 33. Kf2
Bf5 34. Rxe4 Bxe4 35. Re1 Bh7 36. h4 Kc6 37. Rc1 a4 38. bxa4 c4 39. g4 c3 40.
h5 Rd4 41. Kg3 Kd5 42. g5 Be4 43. a5 Kc4 44. a6 c5 45. a7 Rd7 46. Bb8 Rf7 47.
g6 Rf3+ 48. Kh4 1-0

[Event "BL 0708 OSC Baden Baden - Bindl-Aktionä"]
[Site "?"]
[Date "2008.04.19"]
[Round "14.5"]
[White "Slobodjan, Roman"]
[Black "Nielsen, Peter-Heine"]
[Result "1/2-1/2"]
[WhiteElo "2547"]
[BlackElo "2626"]
[PlyCount "58"]
[EventDate "2008.??.??"]

1. e4 c5 2. c3 Nf6 3. e5 Nd5 4. Nf3 Nc6 5. d4 cxd4 6. Bc4 Nb6 7. Bb3 d6 8. exd6
Qxd6 9. O-O Be6 10. Bxe6 Qxe6 11. Nxd4 Nxd4 12. Qxd4 Rd8 13. Qf4 g6 14. Be3 Bg7
15. Qb4 Rd6 16. Na3 O-O 17. Rfe1 Qd7 18. Bc5 Re6 19. Rxe6 Qxe6 20. Bxb6 axb6
21. Nc4 Qe2 22. Ne3 b5 23. Rb1 Rd8 24. Qxe7 Rd2 25. Rf1 Rxb2 26. Qxb7 Rxa2 27.
c4 bxc4 28. Qc8+ Bf8 29. Qxc4 Qxc4 1/2-1/2

[Event "BL 0708 OSC Baden Baden - Bindl-Aktionä"]
[Site "?"]
[Date "2008.04.19"]
[Round "14.6"]
[White "Dautov, Rustem"]
[Black "Bunzmann, Dimitri"]
[Result "1-0"]
[WhiteElo "2590"]
[BlackElo "2518"]
[PlyCount "85"]
[EventDate "2008.??.??"]

1. d4 e6 2. c4 Nf6 3. Nf3 c5 4. d5 d6 5. Nc3 exd5 6. cxd5 a6 7. a4 g6 8. g3 Bg7
9. Bg2 O-O 10. O-O Nbd7 11. Bf4 Qc7 12. Rc1 Nh5 13. Bd2 Qb8 14. Rb1 Qc7 15. Qc1
Nb6 16. Bh6 Bd7 17. Bxg7 Kxg7 18. b3 Rac8 19. Qb2 Kg8 20. Rfc1 a5 21. Nd2 Rb8
22. Nc4 Nc8 23. Qa1 b6 24. e4 f6 25. f4 Ng7 26. Re1 Qd8 27. Rbd1 b5 28. axb5
Bxb5 29. Qxa5 Bxc4 30. Qxd8 Rxd8 31. bxc4 Rb4 32. Bf1 Nb6 33. Rc1 Ne8 34. Nb5
Ra8 35. e5 dxe5 36. fxe5 Kf8 37. Rc2 Nd7 38. Rf2 Kg7 39. exf6+ Ndxf6 40. Re7+
Kh6 41. Nc7 Rc8 42. Nxe8 Rxe8 43. d6 1-0

[Event "BL 0708 OSC Baden Baden - Bindl-Aktionä"]
[Site "?"]
[Date "2008.04.19"]
[Round "14.7"]
[White "Stohl, Igor Dr"]
[Black "Schlosser, Philipp"]
[Result "0-1"]
[WhiteElo "2545"]
[BlackElo "2579"]
[PlyCount "78"]
[EventDate "2008.??.??"]

1. d4 d5 2. Nf3 Nf6 3. c4 dxc4 4. e3 e6 5. Bxc4 c5 6. O-O a6 7. b3 cxd4 8. Nxd4
Bd7 9. Bb2 Nc6 10. Nd2 Be7 11. N2f3 O-O 12. Nxc6 Bxc6 13. Ne5 Bd5 14. Qe2 Rc8
15. Rfd1 Qa5 16. Bxd5 Nxd5 17. Nc4 Qc7 18. Rac1 Rfd8 19. Be5 Qc6 20. Qb2 Qe8
21. e4 Nb4 22. Qe2 b5 23. Nb2 Rxc1 24. Rxc1 Nxa2 25. Rc7 Nb4 26. g3 Nc6 27. Bf4
Nd4 28. Qe3 f6 29. e5 Rd7 30. exf6 Bxf6 31. Rc1 Qa8 32. Nd3 Qf3 33. Rc8+ Kf7
34. Nc1 Ne2+ 35. Qxe2 Rd1+ 36. Qxd1 Qxd1+ 37. Kg2 a5 38. h4 a4 39. bxa4 bxa4
0-1

[Event "BL 0708 OSC Baden Baden - Bindl-Aktionä"]
[Site "?"]
[Date "2008.04.19"]
[Round "14.8"]
[White "Strohhaeker, Raoul"]
[Black "Heinz, Axel"]
[Result "1/2-1/2"]
[WhiteElo "2382"]
[BlackElo "2364"]
[PlyCount "124"]
[EventDate "2008.??.??"]

1. e4 e6 2. d4 d5 3. e5 c5 4. c3 Nc6 5. Nf3 Bd7 6. Bd3 cxd4 7. cxd4 Qb6 8. O-O
Nxd4 9. Nxd4 Qxd4 10. Nc3 a6 11. Re1 Ne7 12. Be3 Qxe5 13. Na4 d4 14. Nb6 dxe3
15. Rxe3 Qd6 16. Nxa8 Nd5 17. Re1 Be7 18. Be4 Bc6 19. Rc1 Bd8 20. Qd3 O-O 21.
Bxh7+ Kh8 22. Be4 Kg8 23. Bh7+ Kh8 24. Be4 Kg8 25. Bh7+ Kh8 26. Re3 Qe7 27. Rh3
Nf4 28. Be4+ Nxh3+ 29. Qxh3+ Qh4 30. Qxh4+ Bxh4 31. Bxc6 bxc6 32. Nc7 Rd8 33.
Nxa6 Rd2 34. g3 Bf6 35. Rxc6 Rxb2 36. a4 Bd4 37. Rc4 Bxf2+ 38. Kf1 Be3 39. Rh4+
Kg8 40. Nc7 g5 41. Re4 Bb6 42. Nxe6 fxe6 43. Rxe6 Kf7 44. Re5 Bd8 45. h4 gxh4
46. gxh4 Rb4 47. h5 Rxa4 48. Rd5 Bf6 49. Ke2 Ke6 50. Rb5 Rh4 51. Kf3 Be5 52.
Rb6+ Kf5 53. h6 Bf6 54. Rb5+ Kg6 55. Kg3 Rxh6 56. Kf3 Rh4 57. Ra5 Kf7 58. Ra6
Rb4 59. Ke3 Rb5 60. Ke4 Kg6 61. Ra2 Rb4+ 62. Kd5 Rd4+ 1/2-1/2

[Event "BL 0708 SG Turm Trier - Erfurter SK"]
[Site "?"]
[Date "2008.04.19"]
[Round "14.1"]
[White "Kraemer, Martin"]
[Black "Kotronias, Vasilios"]
[Result "1/2-1/2"]
[WhiteElo "2436"]
[BlackElo "2614"]
[PlyCount "89"]
[EventDate "2008.??.??"]

1. d4 Nf6 2. c4 g6 3. Nf3 Bg7 4. g3 O-O 5. Bg2 d6 6. Nc3 Nbd7 7. O-O e5 8. e4
c6 9. h3 Qb6 10. Re1 exd4 11. Nxd4 Re8 12. Nc2 Qc7 13. Be3 b6 14. f4 Bb7 15.
Qd2 Rad8 16. Bf2 a6 17. Rad1 Bf8 18. b4 b5 19. cxb5 axb5 20. Nd4 Qb8 21. Qb2
Rc8 22. a3 Nb6 23. Qb3 Na4 24. Nxa4 bxa4 25. Qxa4 c5 26. bxc5 dxc5 27. Rb1 cxd4
28. e5 Qa8 29. Qxa8 Bxa8 30. exf6 Red8 31. Red1 d3 32. Be3 Rc3 33. Bd2 Rxa3 34.
Ra1 Bc5+ 35. Kf1 Bxg2+ 36. Kxg2 Rb3 37. Rdb1 Rxb1 38. Rxb1 Bd4 39. Rb3 Bxf6 40.
Kf3 Be7 41. g4 Bc5 42. Rb5 Bg1 43. Rb1 Bd4 44. Rb3 Bc5 45. Ke4 1/2-1/2

[Event "BL 0708 SG Turm Trier - Erfurter SK"]
[Site "?"]
[Date "2008.04.19"]
[Round "14.2"]
[White "Bobras, Piotr"]
[Black "Votava, Jan"]
[Result "1/2-1/2"]
[WhiteElo "2564"]
[BlackElo "2546"]
[PlyCount "45"]
[EventDate "2008.??.??"]

1. e4 e5 2. Nf3 Nc6 3. Bb5 a6 4. Ba4 Nf6 5. O-O Be7 6. Re1 b5 7. Bb3 d6 8. c3
O-O 9. h3 Rb8 10. d4 exd4 11. cxd4 d5 12. e5 Ne4 13. Nc3 Nxc3 14. bxc3 Bf5 15.
Nd2 Na5 16. Qf3 Be6 17. Bc2 c5 18. dxc5 Bxc5 19. Qg3 Qc8 20. Nb3 Nxb3 21. Bh6
g6 22. Bxb3 Rd8 23. Rad1 1/2-1/2

[Event "BL 0708 SG Turm Trier - Erfurter SK"]
[Site "?"]
[Date "2008.04.19"]
[Round "14.3"]
[White "Haba, Petr"]
[Black "Flumbort, Andras"]
[Result "1/2-1/2"]
[WhiteElo "2525"]
[BlackElo "2499"]
[PlyCount "53"]
[EventDate "2008.??.??"]

1. d4 d5 2. c4 c6 3. Nf3 Nf6 4. Nc3 dxc4 5. a4 Bf5 6. e3 e6 7. Bxc4 Bb4 8. O-O
Nbd7 9. Qe2 O-O 10. e4 Bg6 11. Bd3 Bh5 12. e5 Nd5 13. Nxd5 cxd5 14. Qe3 Be7 15.
Ne1 Bg6 16. Bd2 Rc8 17. f4 Nc5 18. Bxg6 hxg6 19. Bb4 Ne4 20. Bxe7 Qxe7 21. Nd3
Rc2 22. Rfc1 Rfc8 23. Nc5 Rxc1+ 24. Rxc1 Qc7 25. Nd3 Qd7 26. Rxc8+ Qxc8 27. Nc5
1/2-1/2

[Event "BL 0708 SG Turm Trier - Erfurter SK"]
[Site "?"]
[Date "2008.04.19"]
[Round "14.4"]
[White "Jaracz, Pawel"]
[Black "Kuczynski, Robert"]
[Result "1/2-1/2"]
[WhiteElo "2518"]
[BlackElo "2483"]
[PlyCount "41"]
[EventDate "2008.??.??"]

1. c4 c6 2. Nf3 d5 3. e3 Nf6 4. Nc3 g6 5. d4 Bg7 6. cxd5 cxd5 7. Bb5+ Bd7 8.
Qb3 Bxb5 9. Qxb5+ Qd7 10. Ne5 Qxb5 11. Nxb5 Na6 12. Bd2 Ne4 13. Nd3 Kd7 14. Rc1
Nd6 15. a4 b6 16. Nxd6 Kxd6 17. Ke2 Rhc8 18. b4 Kd7 19. b5 Rxc1 20. Rxc1 Nc7
21. Rc6 1/2-1/2

[Event "BL 0708 SG Turm Trier - Erfurter SK"]
[Site "?"]
[Date "2008.04.19"]
[Round "14.5"]
[White "Machelett, Heiko"]
[Black "Gonda, Laszlo"]
[Result "1/2-1/2"]
[WhiteElo "2430"]
[BlackElo "2502"]
[PlyCount "65"]
[EventDate "2008.??.??"]

1. d4 Nf6 2. c4 e6 3. Nc3 Bb4 4. f3 d5 5. a3 Bxc3+ 6. bxc3 c5 7. cxd5 exd5 8.
e3 Qc7 9. Bd2 O-O 10. Bd3 b6 11. Ne2 Ba6 12. Bxa6 Nxa6 13. O-O Rfe8 14. Qa4 Qb7
15. Rab1 Rac8 16. Rfc1 Rc7 17. Qb5 Qc8 18. a4 Nb8 19. a5 Nbd7 20. Ng3 bxa5 21.
Qd3 Nb6 22. e4 dxe4 23. fxe4 Qd7 24. Rf1 Ng4 25. Bf4 Rc6 26. Rbd1 cxd4 27. cxd4
Nc4 28. Qe2 Nf6 29. Qf3 Nb2 30. Rd2 Nc4 31. Rdd1 Nb2 32. Rd2 Nc4 33. Qd1
1/2-1/2

[Event "BL 0708 SG Turm Trier - Erfurter SK"]
[Site "?"]
[Date "2008.04.19"]
[Round "14.6"]
[White "Galyas, Miklos"]
[Black "Mueller, Matthias"]
[Result "1-0"]
[WhiteElo "2433"]
[BlackElo "2405"]
[PlyCount "59"]
[EventDate "2008.??.??"]

1. d4 d5 2. c4 e6 3. Nc3 c6 4. e3 Nf6 5. Nf3 Nbd7 6. Qc2 Bd6 7. Bd3 O-O 8. O-O
dxc4 9. Bxc4 b5 10. Bd3 Bb7 11. a3 a6 12. b4 a5 13. Rb1 axb4 14. axb4 Qe7 15.
e4 e5 16. dxe5 Nxe5 17. Nxe5 Qxe5 18. f4 Qd4+ 19. Kh1 Bxb4 20. Bb2 Qc5 21. e5
Ng4 22. Bxh7+ Kh8 23. Rf3 Ba3 24. Bd3 Rfd8 25. Rbf1 b4 26. Rh3+ Kg8 27. Qe2
bxc3 28. Bxa3 Rxa3 29. Qxg4 c2 30. Rh7 1-0

[Event "BL 0708 SG Turm Trier - Erfurter SK"]
[Site "?"]
[Date "2008.04.19"]
[Round "14.7"]
[White "Enders, Peter"]
[Black "Seger, Ruediger"]
[Result "1/2-1/2"]
[WhiteElo "2441"]
[BlackElo "2395"]
[PlyCount "140"]
[EventDate "2008.??.??"]

1. e4 c6 2. d4 d5 3. Nc3 dxe4 4. Nxe4 Bf5 5. Ng3 Bg6 6. Nf3 Nd7 7. Bd3 Bxd3 8.
Qxd3 Ngf6 9. O-O e6 10. b3 Be7 11. Bb2 O-O 12. Rfe1 Re8 13. c4 Qc7 14. Rad1
Rad8 15. Qc2 Bf8 16. h3 g6 17. Ne5 Bg7 18. Qe2 c5 19. dxc5 Nxc5 20. Qe3 a6 21.
Bc3 h5 22. Nf3 b6 23. Be5 Qb7 24. Qg5 Qe7 25. Rxd8 Qxd8 26. Qe3 Qd3 27. Bc7
Qxe3 28. Rxe3 b5 29. Ne5 bxc4 30. bxc4 Rc8 31. Bd6 Nfd7 32. Nf1 Nb6 33. Nd2 Bh6
34. Re2 Nca4 35. Ne4 Nxc4 36. Nxc4 Rxc4 37. Nf6+ Kh8 38. Be5 Bf4 39. Bxf4 Rxf4
40. Ne4 Kg7 41. Re3 Nb6 42. Nc5 Rc4 43. Nxa6 Ra4 44. Nc5 Rxa2 45. h4 Ra1+ 46.
Kh2 Nd5 47. Rb3 Rc1 48. Ne4 Rc4 49. f3 f5 50. Ng5 Rxh4+ 51. Kg3 Rb4 52. Nxe6+
Kf6 53. Rxb4 Nxb4 54. Nf8 Nd5 55. f4 Nc3 56. Kf3 Ne4 57. Nd7+ Ke6 58. Nf8+ Kf7
59. Nd7 Ke7 60. Ne5 Kf6 61. Nd7+ Kg7 62. g3 Nd6 63. Ke3 Ne4 64. Kf3 Nf6 65. Ne5
Nd5 66. Nd7 g5 67. fxg5 Kg6 68. Nf8+ Kxg5 69. Ne6+ Kf6 70. Nc5 Ne7 1/2-1/2

[Event "BL 0708 SG Turm Trier - Erfurter SK"]
[Site "?"]
[Date "2008.04.19"]
[Round "14.8"]
[White "Cioara, Andrei Nestor"]
[Black "Brueggemann, Joachim"]
[Result "1-0"]
[WhiteElo "2428"]
[BlackElo "2355"]
[PlyCount "81"]
[EventDate "2008.??.??"]

1. d4 Nf6 2. Nf3 e6 3. g3 c5 4. Bg2 Nc6 5. O-O d5 6. dxc5 Bxc5 7. a3 O-O 8. b4
Be7 9. Bb2 Ne4 10. Nbd2 Bf6 11. Qc1 Nc3 12. Re1 Bd7 13. e4 Qc7 14. exd5 exd5
15. Nb1 d4 16. Nxd4 Nxb1 17. Nxc6 Nc3 18. Bxc3 Bxc6 19. Bxf6 gxf6 20. Bxc6 Qxc6
21. c4 Rad8 22. Qf4 Rd3 23. Red1 Rxd1+ 24. Rxd1 Re8 25. c5 a6 26. h4 Re4 27.
Qd6 Qa4 28. Rd3 Kg7 29. Qd5 Re1+ 30. Kg2 Qc2 31. Qf3 Qb1 32. Rd6 Qb2 33. Qg4+
Kf8 34. Rd8+ Re8 35. Rxe8+ Kxe8 36. Qc8+ Ke7 37. Qxb7+ Kf8 38. Qxa6 Qb3 39.
Qa8+ Kg7 40. Qf3 Qc4 41. c6 1-0

[Event "BL 0708 SC Remagen - TV Tegernsee"]
[Site "?"]
[Date "2008.04.19"]
[Round "14.1"]
[White "Khenkin, Igor"]
[Black "Miroshnichenko, Evgenij"]
[Result "1/2-1/2"]
[WhiteElo "2600"]
[BlackElo "2651"]
[PlyCount "29"]
[EventDate "2008.??.??"]

1. d4 Nf6 2. c4 e6 3. Nf3 b6 4. g3 Ba6 5. Qc2 Bb7 6. Bg2 c5 7. d5 exd5 8. cxd5
Nxd5 9. O-O Be7 10. Rd1 Nc6 11. Nc3 Nxc3 12. bxc3 O-O 13. Ne5 Nxe5 14. Bxb7 Rb8
15. Bd5 1/2-1/2

[Event "BL 0708 SC Remagen - TV Tegernsee"]
[Site "?"]
[Date "2008.04.19"]
[Round "14.2"]
[White "Fedorchuk, Sergey"]
[Black "Sokolov, Andrei"]
[Result "1-0"]
[WhiteElo "2645"]
[BlackElo "2588"]
[PlyCount "61"]
[EventDate "2008.??.??"]

1. e4 c5 2. Nf3 e6 3. d4 cxd4 4. Nxd4 Nf6 5. Nc3 d6 6. Be3 Nc6 7. Qd2 Be7 8. f3
O-O 9. g4 d5 10. g5 Nxd4 11. Qxd4 Nh5 12. O-O-O Bxg5 13. Kb1 Kh8 14. Bxg5 Qxg5
15. Rg1 Qf6 16. Qb4 Rg8 17. exd5 exd5 18. Nxd5 Qxf3 19. Bg2 Qg4 20. Qe7 Rb8 21.
Qe5 Be6 22. Rd4 Qf5 23. Qxf5 Bxf5 24. Ne7 g6 25. Nxg8 Kxg8 26. Rgd1 Kg7 27. Rd8
Rxd8 28. Rxd8 b6 29. Ra8 Nf4 30. Bh1 h5 31. Rxa7 1-0

[Event "BL 0708 SC Remagen - TV Tegernsee"]
[Site "?"]
[Date "2008.04.19"]
[Round "14.3"]
[White "Ribli, Zoltan"]
[Black "Goloshchapov, Alexander"]
[Result "1/2-1/2"]
[WhiteElo "2577"]
[BlackElo "2563"]
[PlyCount "74"]
[EventDate "2008.??.??"]

1. Nf3 d5 2. d4 Nf6 3. c4 e6 4. Nc3 Be7 5. Bg5 O-O 6. e3 Nbd7 7. Rc1 h6 8. Bh4
c6 9. Bd3 dxc4 10. Bxc4 b5 11. Bd3 Bb7 12. O-O Rc8 13. Qe2 b4 14. Bxf6 Nxf6 15.
Na4 c5 16. Ba6 Bxa6 17. Qxa6 cxd4 18. Nxd4 Qd7 19. Qb5 Qxb5 20. Nxb5 Nd5 21. g3
Nb6 22. Rxc8 Nxc8 23. Rc1 Nb6 24. Nxb6 axb6 25. Rc7 Bf6 26. b3 Rd8 27. Rc6 Rd2
28. Rxb6 Rxa2 29. Nd4 Bxd4 30. exd4 f5 31. Rxb4 Kf7 32. h4 g5 33. hxg5 hxg5 34.
Kf1 Ke7 35. Ke1 Kd6 36. Rb5 Rb2 37. g4 fxg4 1/2-1/2

[Event "BL 0708 SC Remagen - TV Tegernsee"]
[Site "?"]
[Date "2008.04.19"]
[Round "14.4"]
[White "Degraeve, Jean-Marc"]
[Black "Teske, Henrik"]
[Result "1-0"]
[WhiteElo "2546"]
[BlackElo "2518"]
[PlyCount "79"]
[EventDate "2008.??.??"]

1. e4 e5 2. Nf3 Nf6 3. Nc3 Bb4 4. Nxe5 O-O 5. Be2 Re8 6. Nd3 Bxc3 7. dxc3 Nxe4
8. O-O d6 9. Nf4 Nd7 10. Re1 h6 11. Bf1 Ndf6 12. f3 Nc5 13. Be3 Bf5 14. Qd2 Qd7
15. Bd4 Nh7 16. Nh5 Ne6 17. Rxe6 fxe6 18. Nxg7 e5 19. Nxe8 exd4 20. Bc4+ d5 21.
Bxd5+ Qxd5 22. Nxc7 Qa5 23. Nxa8 dxc3 24. Qf2 cxb2 25. Rb1 Qc3 26. Qg3+ Ng5 27.
Qb8+ Bc8 28. Qd6 Qe3+ 29. Kh1 Bh3 30. Qd1 Qf2 31. Qg1 Qxc2 32. gxh3 Kf8 33. Qd1
Qf2 34. Qd6+ Kf7 35. Qd5+ Kg6 36. Qd3+ Kf6 37. Qc3+ Kf5 38. Qxb2 Qe3 39. Qxb7
Qe2 40. Qb5+ 1-0

[Event "BL 0708 SC Remagen - TV Tegernsee"]
[Site "?"]
[Date "2008.04.19"]
[Round "14.5"]
[White "Bromberger, Stefan"]
[Black "Popovic, Petar"]
[Result "1-0"]
[WhiteElo "2491"]
[BlackElo "2474"]
[PlyCount "71"]
[EventDate "2008.??.??"]

1. e4 c5 2. Nf3 d6 3. d4 cxd4 4. Nxd4 Nf6 5. Nc3 a6 6. Bg5 e6 7. f4 Be7 8. Qf3
Qc7 9. O-O-O Bd7 10. e5 dxe5 11. fxe5 Nd5 12. Bxe7 Nxe7 13. Qg3 O-O 14. Bd3
Nbc6 15. Nf3 h6 16. Kb1 Nb4 17. Qh4 Nxd3 18. Qxe7 Rfe8 19. Qh4 Nc5 20. Rd6 Rac8
21. Rhd1 Bc6 22. Nd4 Bd5 23. Qg4 Bc4 24. b3 Qa5 25. Qf3 Bb5 26. Ne4 Nxe4 27.
Qxe4 Re7 28. g4 Be8 29. g5 hxg5 30. Nf3 Bc6 31. Rxc6 bxc6 32. Nxg5 g6 33. Rf1
Qd5 34. Qh4 Qxe5 35. Qh7+ Kf8 36. Rxf7+ 1-0

[Event "BL 0708 SC Remagen - TV Tegernsee"]
[Site "?"]
[Date "2008.04.19"]
[Round "14.6"]
[White "Mainka, Romuald"]
[Black "Boensch, Uwe"]
[Result "1-0"]
[WhiteElo "2496"]
[BlackElo "2530"]
[PlyCount "107"]
[EventDate "2008.??.??"]

1. e4 c5 2. Nf3 d6 3. d4 cxd4 4. Nxd4 Nf6 5. Nc3 e6 6. g4 h6 7. Bg2 Nc6 8. h3
Nxd4 9. Qxd4 e5 10. Qd3 Be6 11. Be3 a6 12. O-O-O Be7 13. f4 Rc8 14. Kb1 Bc4 15.
Qd2 Qa5 16. a3 Nd7 17. f5 Rc6 18. h4 Bd8 19. g5 Bb6 20. Bh3 h5 21. Rhe1 Bc5 22.
Bxc5 Nxc5 23. Qe3 Qb6 24. Qf3 a5 25. Bf1 Bxf1 26. Rxf1 Nd7 27. Rd3 Qa6 28. Rfd1
b5 29. Nd5 Qb7 30. f6 gxf6 31. Nxf6+ Nxf6 32. Qxf6 O-O 33. g6 fxg6 34. Qxg6+
Qg7 35. Qxh5 Qh7 36. Qg4+ Kh8 37. Qe2 Qh6 38. Rf3 Rxf3 39. Qxf3 b4 40. axb4
axb4 41. Qf5 b3 42. cxb3 Rc7 43. Rf1 Rg7 44. Qf8+ Kh7 45. Rf7 Rxf7 46. Qxf7+
Kh8 47. Qf2 Qg7 48. h5 Kg8 49. b4 Qg4 50. Qc2 Qxh5 51. b5 Qh1+ 52. Ka2 Qe1 53.
Qa4 Qe3 54. Qb3+ 1-0

[Event "BL 0708 SC Remagen - TV Tegernsee"]
[Site "?"]
[Date "2008.04.19"]
[Round "14.7"]
[White "Hertneck, Gerald"]
[Black "Belkhodja, Slim"]
[Result "1-0"]
[WhiteElo "2508"]
[BlackElo "2476"]
[PlyCount "83"]
[EventDate "2008.??.??"]

1. d4 d6 2. e4 Nf6 3. Bd3 e5 4. c3 d5 5. dxe5 Nxe4 6. Nf3 Nc5 7. Be2 Be7 8. O-O
O-O 9. Na3 Nc6 10. Nb5 Bg4 11. Nbd4 Qd7 12. Nxc6 bxc6 13. Nd4 Bxe2 14. Qxe2
Rfe8 15. f4 Ne4 16. Be3 Bf8 17. Rad1 a5 18. Nf3 f6 19. c4 Qf7 20. Qc2 f5 21.
cxd5 cxd5 22. Qc6 Rad8 23. Rc1 Rb8 24. Bd4 Re7 25. Rfd1 h6 26. b3 Kh7 27. Be3
Rd8 28. Nd4 Qh5 29. Rf1 Qf7 30. Rc2 Rb8 31. e6 Qg6 32. Qxd5 Nf6 33. Qxa5 Ng4
34. Bc1 Rxe6 35. Nxe6 Qxe6 36. Re1 Qf7 37. Ba3 c5 38. Qc3 Nf6 39. Qc4 Qg6 40.
Bxc5 Rc8 41. b4 Ne4 42. Qd5 1-0

[Event "BL 0708 SC Remagen - TV Tegernsee"]
[Site "?"]
[Date "2008.04.19"]
[Round "14.8"]
[White "Swinkels, Robin"]
[Black "Stangl, Markus"]
[Result "0-1"]
[WhiteElo "2433"]
[BlackElo "2453"]
[PlyCount "100"]
[EventDate "2008.??.??"]

1. e4 c5 2. Nf3 e6 3. d4 cxd4 4. Nxd4 a6 5. c4 Nf6 6. Nc3 d6 7. Be3 Be7 8. Be2
O-O 9. O-O Bd7 10. f3 Nc6 11. Qd2 Rb8 12. a4 Nxd4 13. Bxd4 Bc6 14. a5 d5 15.
Bb6 Qd7 16. cxd5 exd5 17. e5 Ne8 18. f4 f6 19. Bf3 fxe5 20. Bxd5+ Kh8 21. fxe5
Nc7 22. Bxc7 Qxc7 23. Bxc6 Rxf1+ 24. Rxf1 bxc6 25. Qe2 Qxa5 26. Kh1 Re8 27. Qe4
Qc5 28. h3 a5 29. Rf5 g6 30. Rf7 Kg8 31. Qf4 Bg5 32. Qf3 Qxe5 33. Ne4 Qxb2 34.
Rd7 Rf8 35. Qd1 Qb5 36. Rd3 Be7 37. Rf3 Rxf3 38. Qxf3 a4 39. Qd1 a3 40. Nc3 Qc4
41. Qe1 Bf6 42. Ne4 Bb2 43. Qh4 Qf1+ 44. Kh2 Be5+ 45. g3 Qe2+ 46. Kh1 Qd1+ 47.
Kg2 Qd5 48. Kg1 Qd4+ 49. Kg2 a2 50. Qg4 a1=Q 0-1